[Event "Saarland-ch C"]
[Site "Saarlouis Steinrausch"]
[Date "2005.03.26"]
[Round "9"]
[White "Bastian, Simon"]
[Black "Becker, Adrian"]
[Result "1-0"]
[WhiteElo "1099"]
[BlackElo "1060"]
[PlyCount "67"]
[EventDate "2005.03.18"]
[EventType "swiss"]
[EventRounds "9"]
[EventCountry "GER"]
[SourceTitle "EXT 2012"]
[Source "ChessBase"]
[SourceDate "2011.11.24"]
[SourceVersion "1"]
[SourceVersionDate "2011.11.24"]
[SourceQuality "1"]

1. e4 e5 2. Nf3 Nc6 3. Bc4 d6 4. c3 Bg4 5. d3 Nf6 6. Bb3 Be7 7. Nbd2 d5 8. Qe2 d4 9. Nf1 Qd7 10. Ng3 g6 11. h3 Bxf3 12. Qxf3 0-0-0 13. Bxf7 Rhf8 14. Bc4 Nh5 15. Nf5 Nf4 16. Nxe7+ Qxe7 17. Qg4+ Qd7 18. Bxf4 Qxg4 19. hxg4 Rxf4 20. Rxh7 Rxg4 21. Be6+ Kb8 22. Bxg4 b6 23. cxd4 Nxd4 24. Rc1 c5 25. b4 cxb4 26. Rcc7 Nb5 27. Rb7+ Ka8 28. Rhd7 Re8 29. Re7 Rd8 30. Be6 g5 31. Bd5 Nc3 32. Rxa7+ Kb8 33. Reb7+ Kc8 34. Ra8# 1-0

[Event "Saarland-ch C"]
[Site "Saarlouis Steinrausch"]
[Date "2005.03.23"]
[Round "6"]
[White "Becker, Adrian"]
[Black "Drewitz, Michael"]
[Result "1-0"]
[WhiteElo "1060"]
[BlackElo "1239"]
[PlyCount "57"]
[EventDate "2005.03.18"]
[EventType "swiss"]
[EventRounds "9"]
[EventCountry "GER"]
[SourceTitle "EXT 2012"]
[Source "ChessBase"]
[SourceDate "2011.11.24"]
[SourceVersion "1"]
[SourceVersionDate "2011.11.24"]
[SourceQuality "1"]

1. d4 d5 2. c4 e6 3. Nc3 Nf6 4. e3 c5 5. Nf3 Nc6 6. cxd5 Nxd5 7. Bd2 Be7 8. Bb5 Bd7 9. Bxc6 Bxc6 10. 0-0 0-0 11. Ne5 Qb6 12. Nxd5 Bxd5 13. Nd7 Qxb2 14. Nxf8 Rxf8 15. Qc1 Qb6 16. dxc5 Bxc5 17. Bc3 Rc8 18. Qd2 h6 19. Bd4 Qd6 20. Bxc5 Rxc5 21. e4 Qc6 22. exd5 Rxd5 23. Qe2 Rg5 24. g3 h5 25. h4 Rg4 26. Qd3 g6 27. Rac1 Qe8 28. Rc4 Qb5 29. Rc8+ 1-0